000 01127nam a22002537a 4500
999 _c3761
_d3761
003 AR-CdUCM
008 190307b ||||| |||| 00| 0 spa d
020 _a9972-42-094-9
040 _aMUNICIPALIDAD PROVINCIAL DEL CUSCO
_cBIBLIOTECA MUNICIPAL DEL CUSCO
082 _a291.16 /
_bAR74
100 _aArmas Asin, Fernando
_912160
245 _aLiberales Protestantes y Masones :
_bModernidad y Tolerancia Religiosa. Perú, Siglo XIX /
260 _aLima :
_bPontificia Universidad Católica del Perú ; Cusco : Centro de Estudios Regionales Andinos "Bartolomé de Las Casas",,
_c1998.
300 _a297 paginas ;
_c24cm.
500 _aEstudia la polémica sobre la tolerancia religiosa a lo largo del siglo XIX hasta la reforma legal de 1915.
505 _aContenido: Tolerancia -- Continuidad y las tendencias radicales -- Estado moderno e inmigración-- Peru civilizado -- Liberales protestantes y fracmasones...
650 _aTolerancia
_912161
650 _aLibertad religiosa
_93378
650 _aIglesia y estado
_93500
650 _aPerú
_935
650 _aSiglo XIX
_9971
942 _2ddc
_cLIBROS
945 _apjha